A survey of general equilibrium systems (Record no. 80846)

MARC details
000 -LEADER
fixed length control field 00791nam a2200157 a 4500
008 - FIXED-LENGTH DATA ELEMENTS--GENERAL INFORMATION
fixed length control field 120416s1970 ||||||||||||||||| || u
050 ## - LIBRARY OF CONGRESS CALL NUMBER
Classification number HB 74.M3 Han
100 ## - MAIN ENTRY--PERSONAL NAME
Personal name Hansen, Bent
245 12 - TITLE STATEMENT
Title A survey of general equilibrium systems
260 ## - PUBLICATION, DISTRIBUTION, ETC.
Place of publication, distribution, etc. New York
Name of publisher, distributor, etc. McGraw-Hill
Date of publication, distribution, etc. 1970
300 ## - PHYSICAL DESCRIPTION
Extent xii, 238p.
350 ## -
-- 0.00
995 ## -
-- ANNEX COLLECTION (Main Library)
-- 0.00
-- 001839
-- CBU-MAIN LIBRARY (Kitwe)
-- 2
-- 0.00
-- HB 74.M3 Han
-- AVAILABLE
-- 001839
-- Annex Low-Usage Collection
995 ## -
-- ANNEX COLLECTION (Main Library)
-- 0.00
-- 001840
-- CBU-MAIN LIBRARY (Kitwe)
-- 3
-- 0.00
-- HB 74.M3 Han
-- AVAILABLE
-- 001840
-- Annex Low-Usage Collection
995 ## -
-- ANNEX COLLECTION (Main Library)
-- 0.00
-- 001841
-- CBU-MAIN LIBRARY (Kitwe)
-- 1
-- 0.00
-- HB 74.M3 Han
-- AVAILABLE
-- 001841
-- Annex Low-Usage Collection
999 ## -
-- 80846
-- 80846
Holdings
Withdrawn status Lost status Source of classification or shelving scheme Damaged status Not for loan Permanent Location Current Location Date acquired Full call number Barcode Date last seen Copy number Price effective from Koha item type Shelving location Total Checkouts
Withdrawn         CBU-MAIN LIBRARY, KITWE. CBU-MAIN LIBRARY, KITWE. 07/11/2023 HB 74.M3 Han 001839 07/11/2023 1 07/11/2023 MONOGRAPH    
Withdrawn         CBU-MAIN LIBRARY, KITWE. CBU-MAIN LIBRARY, KITWE. 07/11/2023 HB 74.M3 Han 001840 07/11/2023 2 07/11/2023 MONOGRAPH    
          CBU-MAIN LIBRARY, KITWE. CBU-MAIN LIBRARY, KITWE. 07/11/2023 HB 74.M3 Han 001841 07/11/2023 3 07/11/2023 MONOGRAPH